Todas las canciones de Hard GZ - Estadísticas

Estadísticas generales
  • Esta prueba ha sido intentada 72 veces
    2 desde el último reinicio
  • La puntuación promedio es 20 de 150
Estadísticas de respuestas
CANCIÓN ALBÚMLACOSTA II % Correcto
Asturiana LACOSTA II
100%
El cielo LACOSTA
100%
Horizonte MAR Y TIERRA
100%
Marinera HARAKIRI
100%
Otra cama SINGLES
100%
Shameless KAOS NÓMADA Vol. 1
100%
Volver SINGLES
100%
1995 SINGLES
50%
Barquito de vela SINGLES
50%
Bomba LACOSTA
50%
Cambios SIEMPRE
50%
Dime cuanto SIEMPRE
50%
Dinero VERSUS
50%
El sol HARAKIRI
50%
El tiempo que tú me das LACOSTA
50%
Entre las luces SIEMPRE
50%
Espantapájaros VERSUS
50%
Galiza Underground VIRUS
50%
Imperium IMPERIUM
50%
LACOSTA LACOSTA
50%
Libre SINGLES
50%
Lo real MAR Y TIERRA
50%
Love VERSUS
50%
Madre NICTOFILIA
50%
Mortales SIEMPRE
50%
Nubes LACOSTA
50%
Qué más da MAR Y TIERRA
50%
Serpientes HARAKIRI
50%
Tiempo MAR Y TIERRA
50%
Ven IMPERIUM
50%
Virus VIRUS
50%
Voltarei SINGLES
50%
2000 clavos KAOS NÓMADA Vol. 1
0%
6700 km de empatía 1/3 6700 KM DE EMPATÍA
0%
6700 km de empatía 2/3 6700 KM DE EMPATÍA
0%
6700 km de empatía 3/3 6700 KM DE EMPATÍA
0%
6 AM MAR Y TIERRA
0%
Afrohard SINGLES
0%
Alerta roja VIRUS
0%
Alquimia SINGLES
0%
Antifascistas NICTOFILIA
0%
Árboles de piedra SINGLES
0%
Atmosphera XIII
0%
Atrapado aquí VERSUS
0%
Autofilia NICTOFILIA
0%
Ayer SINGLES
0%
Barras en la cantera SIEMPRE
0%
Birra, humo y reflexiones KAOS NÓMADA Vol. 1
0%
Blablabla LACOSTA
0%
Bombay NICTOFILIA
0%
Bored Hero HARAKIRI
0%
Buceando SINGLES
0%
Bueu LACOSTA II
0%
Cadenas SINGLES
0%
Cae la noche KAOS NÓMADA Vol. 2
0%
Caja de cristal KAOS NÓMADA Vol. 1
0%
Carl Sagan HARAKIRI
0%
Casas rosas SINGLES
0%
Castillo de arena SIEMPRE
0%
Cayendo LACOSTA II
0%
Chin Chin SIEMPRE
0%
Chove SINGLES
0%
Ciudad de ratas VIRUS
0%
Como Messi SIEMPRE
0%
Conejo blanco SINGLES
0%
Crowfunding pa' un BMW KAOS NÓMADA Vol. 2
0%
Día gris LACOSTA
0%
Domaio LACOSTA II
0%
DOPE HARAKIRI
0%
El camino SIEMPRE
0%
El plan SINGLES
0%
El vaso de olvidar SIEMPRE
0%
Energía KAOS NÓMADA Vol. 3
0%
En línea VIRUS
0%
Eres música VIRUS
0%
Escuela VERSUS
0%
Estorbando VERSUS
0%
Exigencias SINGLES
0%
Experimento KAOS NÓMADA Vol. 1
0%
Extrayendo del extracto KAOS NÓMADA Vol. 3
0%
¿Fama? VIRUS
0%
Filosofía KAOS NÓMADA Vol. 3
0%
Flaco LACOSTA II
0%
Flame skit SIEMPRE
0%
Flemote SINGLES
0%
Flores SIEMPRE
0%
Fuego LACOSTA
0%
Fvck Trap VIRUS
0%
Guerra KAOS NÓMADA Vol. 3
0%
Hardcore puro NICTOFILIA
0%
Hardjuice SINGLES
0%
Hazme ese favor HARAKIRI
0%
Hereditario KAOS NÓMADA Vol. 2
0%
Intro XIII
0%
La batea LACOSTA
0%
LACOSTA II LACOSTA II
0%
La cuarentena SINGLES
0%
La llave SIEMPRE
0%
La ventana IMPERIUM
0%
Los míos SINGLES
0%
Luna llena NICTOFILIA
0%
Luz LACOSTA II
0%
Magia NICTOFILIA
0%
Maldito LACOSTA
0%
Mamita LACOSTA
0%
Manteca LACOSTA II
0%
Más alto SIEMPRE
0%
Mensajes SINGLES
0%
Mierd* KAOS NÓMADA Vol. 2
0%
Mil y una historia VIRUS
0%
Mi mundo KAOS NÓMADA Vol. 3
0%
Mirada al cielo KAOS NÓMADA Vol. 1
0%
Monster NICTOFILIA
0%
Mucho con poco HARAKIRI
0%
Muerte dulce VIRUS
0%
Nautilus SIEMPRE
0%
Nictofilia NICTOFILIA
0%
No hay paz LACOSTA
0%
O cabalo SINGLES
0%
Oro Blanco XIII
0%
Otra vez LACOSTA
0%
Pan duro SINGLES
0%
Parar SINGLES
0%
Pelapavas SIEMPRE
0%
Piratas KAOS NÓMADA Vol. 1
0%
Pisar la cima LACOSTA
0%
Plomo KAOS NÓMADA Vol. 1
0%
Porrillo al sol XIII
0%
Postureo SINGLES
0%
Puñales MAR Y TIERRA
0%
Pure XIII
0%
Rolas VERSUS
0%
Ron, Vodka y Ginebra VIRUS
0%
Ruido LACOSTA
0%
Rupias SINGLES
0%
Sangue LACOSTA
0%
Secretos KAOS NÓMADA Vol. 2
0%
Silencio MAR Y TIERRA
0%
Sin dormir LACOSTA
0%
Solo IMPERIUM
0%
Tai SINGLES
0%
Te quiero tanto LACOSTA II
0%
Tiros LACOSTA II
0%
Tokyo HARAKIRI
0%
Vamos viendo KAOS NÓMADA Vol. 2
0%
Viaje al infierno VIRUS
0%
Vivimos deprisa SINGLES
0%
Weah VERSUS
0%
W* Life XIII
0%
XIII XIII
0%
No se encontraron pruebas coincidentes
Distribución de puntuación
Porcentaje de gente con cada puntuación
Porcentaje por número respondido
Historial de tus puntuaciones
No has intentado esta prueba desde el último reinicio